2025 - JEE Advanced: (Record no. 206999)

MARC details
000 -LEADER
fixed length control field 00629nam a22001937a 4500
005 - DATE AND TIME OF LATEST TRANSACTION
control field 20241114171940.0
010 ## - LCCN (DPL NO)
LC control number ENG-142626
020 ## - INTERNATIONAL STANDARD BOOK NUMBER
International Standard Book Number 9789361598784
Terms of availability 860.00
035 ## - SYSTEM CONTROL NUMBER
System control number EN-126158
037 ## - SOURCE OF ACQUISITION
Source of stock number/acquisition DBAD
082 ## - DEWEY DECIMAL CLASSIFICATION NUMBER
Classification number 512.5
100 ## - MAIN ENTRY--PERSONAL NAME
Personal name Sharma, Om
245 ## - TITLE STATEMENT
Title 2025 - JEE Advanced:
Statement of responsibility, etc By Om Sharma
Remainder of title Mathematics - Coordinate Geometry/
250 ## - EDITION STATEMENT
Edition statement 1
260 ## - PUBLICATION, DISTRIBUTION, ETC. (IMPRINT)
Place of publication, distribution, etc Uttar Pradesh
Name of publisher, distributor, etc Pearson India Education Services Pvt. Ltd.
Date of publication, distribution, etc 2025
270 ## - ADDRESS
Address 1st Floor, Berger Tower, Plot No. C-001A/2, Sector 16B
City Noida (Uttar Pradesh)
Postal code 201301
300 ## - PHYSICAL DESCRIPTION
Extent vp.
Dimensions 25cm(pb)
942 ## - ADDED ENTRY ELEMENTS (KOHA)
Source of classification or shelving scheme Dewey Decimal Classification
Item type English Books
Classification part 512.5
Call number suffix SHA
Holdings
Withdrawn status Lost status Not for loan Collection code Home library Current library Date acquired Source of acquisition Cost, normal purchase price Full call number Barcode Copy number Cost, replacement price Koha item type
      Non-fiction Bawana Bawana 14/11/2024 Delivery of Books Act Division 860.00 512.5 SHA EN-126158 1 860.00 English Books

© Delhi Public Library
Hit Counter
free hit counter